<?xml version="1.0" encoding="UTF-8"?>
<record
    xmlns:xsi="http://www.w3.org/2001/XMLSchema-instance"
    xsi:schemaLocation="http://www.loc.gov/MARC21/slim http://www.loc.gov/standards/marcxml/schema/MARC21slim.xsd"
    xmlns="http://www.loc.gov/MARC21/slim">

  <leader>00978nam a2200277 i 4500</leader>
  <controlfield tag="001">189880</controlfield>
  <controlfield tag="003">SpMaBN</controlfield>
  <controlfield tag="005">20230906223559.0</controlfield>
  <controlfield tag="008">191217s2008    sp ab        |||| | spa d</controlfield>
  <datafield tag="020" ind1=" " ind2=" ">
    <subfield code="a">978-84-95241-60-3</subfield>
  </datafield>
  <datafield tag="080" ind1=" " ind2=" ">
    <subfield code="a">74 Wyngaerde, Anton van den</subfield>
  </datafield>
  <datafield tag="080" ind1=" " ind2=" ">
    <subfield code="a">913(460)(0:74)</subfield>
  </datafield>
  <datafield tag="245" ind1="0" ind2="0">
    <subfield code="a">Ciudades del Siglo de Oro </subfield>
    <subfield code="b">: las vistas espa&#xF1;olas de Anton Van den Wyngaerde / </subfield>
    <subfield code="c">dirigido por Richard L. Kagan.</subfield>
  </datafield>
  <datafield tag="260" ind1=" " ind2=" ">
    <subfield code="a">[Madrid : </subfield>
    <subfield code="b">El Viso, </subfield>
    <subfield code="c">2008]</subfield>
  </datafield>
  <datafield tag="300" ind1=" " ind2=" ">
    <subfield code="a">433 p. (algunas pleg.) : </subfield>
    <subfield code="b">mapa, il. col. ; </subfield>
    <subfield code="c">30 x 31 cm.</subfield>
  </datafield>
  <datafield tag="500" ind1=" " ind2=" ">
    <subfield code="a">&#xCD;ndice.</subfield>
  </datafield>
  <datafield tag="504" ind1=" " ind2=" ">
    <subfield code="a">Bibliograf&#xED;a : p. 408-414.</subfield>
  </datafield>
  <datafield tag="596" ind1=" " ind2=" ">
    <subfield code="a">En port.: Barclays.</subfield>
  </datafield>
  <datafield tag="600" ind1="1" ind2="7">
    <subfield code="a">Wyngaerde, Anton Van den.</subfield>
    <subfield code="9">117478</subfield>
  </datafield>
  <datafield tag="650" ind1=" " ind2="7">
    <subfield code="a">Ciudades-</subfield>
    <subfield code="z">Espa&#xF1;a-</subfield>
    <subfield code="y">S.XVI.</subfield>
    <subfield code="9">11074</subfield>
  </datafield>
  <datafield tag="650" ind1=" " ind2="4">
    <subfield code="a">Ciudades-</subfield>
    <subfield code="x">En el arte.</subfield>
    <subfield code="9">158832</subfield>
  </datafield>
  <datafield tag="651" ind1=" " ind2="7">
    <subfield code="a">Espa&#xF1;a-</subfield>
    <subfield code="v">Obras ilustradas.</subfield>
    <subfield code="9">8388</subfield>
  </datafield>
  <datafield tag="700" ind1="1" ind2=" ">
    <subfield code="a">Kagan, Richard L.</subfield>
    <subfield code="9">67404</subfield>
  </datafield>
  <datafield tag="700" ind1="1" ind2=" ">
    <subfield code="a">Wyngaerde, Anton Van den.</subfield>
    <subfield code="9">117478</subfield>
  </datafield>
  <datafield tag="852" ind1=" " ind2=" ">
    <subfield code="a">ES-MaACL</subfield>
    <subfield code="j">L-32461 </subfield>
    <subfield code="z">- Enc. cart.</subfield>
  </datafield>
  <datafield tag="999" ind1=" " ind2=" ">
    <subfield code="c">189880</subfield>
    <subfield code="d">189880</subfield>
  </datafield>
  <datafield tag="952" ind1=" " ind2=" ">
    <subfield code="0">0</subfield>
    <subfield code="1">0</subfield>
    <subfield code="4">0</subfield>
    <subfield code="7">0</subfield>
    <subfield code="a">ATENEOM</subfield>
    <subfield code="b">ATENEOM</subfield>
    <subfield code="c">DEPO2</subfield>
    <subfield code="d">2019-12-17</subfield>
    <subfield code="e">DON</subfield>
    <subfield code="l">0</subfield>
    <subfield code="o">L-32461</subfield>
    <subfield code="p">1201414</subfield>
    <subfield code="r">2023-02-23 00:00:00</subfield>
    <subfield code="w">2023-02-23</subfield>
    <subfield code="y">MONOGRAFIA</subfield>
  </datafield>
</record>
